| 000 | 00480nam a2200157Ia 4500 | ||
|---|---|---|---|
| 008 | 240729s9999 xx 000 0 und d | ||
| 022 | _a2477-8478 | ||
| 245 | 0 | _aJournal Of Education, Teaching and Learning | |
| 260 | _aIndonesia | ||
| 260 | _bInstitute for Research and Scientific Publications STKIP Singkawang | ||
| 650 | _a Education (General) | ||
| 650 | _aEducation | ||
| 856 | _uhttps://doaj.org/toc/d012bcac5bf4450385b371a0d9fe5501 | ||
| 942 | _2ddc | ||
| 942 | _cDOAJEJ | ||
| 999 |
_c67261 _d67261 |
||
| 945 |
_a1 _bMadushi Gamage _c1 _dMadushi Gamage |
||